| 000 | 00766nam a22002175a 4500 | ||
|---|---|---|---|
| 005 | 20151103104834.0 | ||
| 008 | 150624t2014 ii a frb 001 0 eng d | ||
| 020 | _a9789351522164 | ||
| 040 |
_aEG-ScBUE _beng _cEG-ScBUE _dEG-ScBUE |
||
| 082 | 0 | 4 |
_a617.60076 _bOSC _222 |
| 245 | 0 | 0 |
_aOSCE for clinical dental sciences / _ceditors PVK Chakravarthy ... [et al.] |
| 260 |
_aNew Delhi : _bJaypee Brothers Medical Publishers, _cc.2014. |
||
| 300 |
_axviii, 150 p. ; _bill. ; _c24 cm. |
||
| 500 | _aIndex : p. 147-150. | ||
| 504 | _aIncludes bibliographical references. | ||
| 650 | 0 |
_aDentistry _vExaminations, questions, etc. _2BUEsh |
|
| 651 | _2BUEsh | ||
| 653 |
_bDDent _cJune2015 _cNovember2015 |
||
| 700 | 1 |
_aChakravarthy, PVK, _eeditor. |
|
| 942 |
_2ddc _k617.60076 OSC |
||
| 999 |
_c19910 _d19882 |
||